| 000 | 00993nam a22002537a 4500 | ||
|---|---|---|---|
| 005 | 20170124103123.0 | ||
| 010 | _aA-921907 | ||
| 020 | _c00.00 | ||
| 035 | _aA-921907 | ||
| 037 | _bCen Lib / Ret | ||
| 040 |
_aDPL _bHN |
||
| 082 |
_a305.5 _bजातिका |
||
| 245 |
_aजाति का ज़हर / _cसंपादक राजकिशोर |
||
| 246 |
_aJati ka jahar / _bsampadak Rajkishor |
||
| 260 |
_aनयी दिल्ली _bवाणी प्रकाशन _c1998 |
||
| 270 |
_bनयी दिल्ली _a21-ए, दरियागंज _e110002 |
||
| 300 |
_a139पृ. _c20सेमी (सजिल्द) |
||
| 650 |
_aजाति प्रथा--भारत _91180 |
||
| 650 |
_aसामाजिक न्याय--भारत _982514 |
||
| 650 |
_aCaste - India _982515 |
||
| 650 |
_aSocial Justice - India _99207 |
||
| 700 |
_aराजकिशोर _982516 |
||
| 942 |
_2ddc _cHN _h305.5 _mजातिका |
||
| 999 |
_c118918 _d118918 |
||